Normal view
MARC view
- Prakash B.A. (Editor)
Entry Personal Name
001 - CONTROL NUMBER
- control field: 170211
003 - CONTROL NUMBER IDENTIFIER
- control field: OSt
005 - DATE AND TIME OF LATEST TRANSACTION
- control field: 20230313130509.0
008 - FIXED-LENGTH DATA ELEMENTS
- fixed length control field: 230313|| aca||aabn | a|a d
040 ## - CATALOGING SOURCE
- Original cataloging agency: OSt
- Transcribing agency: OSt
100 ## - HEADING--PERSONAL NAME
- Personal name: Prakash B.A. (Editor)
670 ## - SOURCE DATA FOUND
- Source citation: Work cat.: (OSt)130865: Prakash B.A. (Editor), Indian Economy Since 1991, 2009